Tesis en 30 días (Registro nro. 3326)
[ vista simple ]
| 000 -Cabecera | |
|---|---|
| Campo de control de longitud fija | 00801aam a2200313 4500 |
| 005 - Fecha y hora de la última transacción | |
| Campo de control | 20260219180008.0 |
| 008 - Elementos de longitud fija--Información general | |
| Campo de control de longitud fija | 150326b2012 xxu||||| |||| 00| 0 spa d |
| 041 ## - Idioma | |
| Código de idioma | Español |
| 082 ## - Clasificación Decimal Dewey | |
| Número de clasificación | 001.42 B139t |
| 100 ## - Entrada principal--Autor personal | |
| Nombre personal | Baena Paz, Guillermina |
| 100 ## - Entrada principal--Autor personal | |
| Nombre personal | Montero Olivares, Sergio |
| 245 ## - Título propiamente dicho | |
| Título | Tesis en 30 días |
| 260 ## - Pie de imprenta | |
| Lugar de publicación, distribución, etc. | México |
| 260 ## - Pie de imprenta | |
| Nombre del editor, distribuidor, etc. | Editores Mexicanos Unidos |
| 260 ## - Pie de imprenta | |
| Fecha de publicación, distribución, etc. | 2012 |
| 300 ## - Descripción física | |
| Extensión | 128 páginas |
| 490 ## - Serie | |
| Título de la Serie | Temática General |
| 650 ## - Materia general | |
| Temática (materia general) | MÉTODOS DE INVESTIGACIÓN |
| 650 ## - Materia general | |
| Temática (materia general) | TESIS |
| 650 ## - Materia general | |
| Temática (materia general) | DISEÑO DE INVESTIGACIÓN |
| 650 ## - Materia general | |
| Temática (materia general) | PLANEAMIENTO DEL PROBLEMA |
| 650 ## - Materia general | |
| Temática (materia general) | OBJETIVOS |
| 650 ## - Materia general | |
| Temática (materia general) | JUSTIFICACIÓN |
| 650 ## - Materia general | |
| Temática (materia general) | HIPÓTESIS |
| 650 ## - Materia general | |
| Temática (materia general) | REDACCIÓN FINAL |
| 650 ## - Materia general | |
| Temática (materia general) | ESQUEMA |
| 650 ## - Materia general | |
| Temática (materia general) | TRABAJOS ELECTRÓNICOS |
| 942 ## - Punto de acceso adicional KOHA | |
| Tipo de ítem KOHA | Libro |
| Fuente del sistema de clasificación o colocación | Dewey Decimal Classification |
| Signatura completa | Código de barras | Programa Académico | Tipo de ítem |
|---|---|---|---|
| 001.42 B139t | 17968 | Temática General | Libro |